00856nam a2200217 a 450000100100000000500170001000800410002702000150006804000250008308200150010810000280012324000300015124501640018126000310034530000280037670000290040470000360043370000390046995201130050899900170062100003647420200930075742.0120118s1987 mx a 000 0 spa d a9681814398 aDO-SdBNPbspacBNPHU axxxbG761s1 aGrant, Harvey D.96269910aEmergency Carelespañol10aServicios médicos de urgencia y rescate /cHarvey D. Grant, Robert H. Murray Jr. ; versión española Humberto Aceves López ; prólogo Robert E. Motley. aMéxico :bLimusa,c1987. a626 p. :bil. ;c28 cm.1 aMurray, Robert H.9627001 aAceves López, Humberto9627011 aMotley, Robert E.,epról.962702 001050718MOaGRbGRcCTd2012-01-18iLF1l0oxxx G761sp36475-10r2020-06-25w2020-06-25y1ZNo se presta c35965d35965